<?xml version="1.0" encoding="UTF-8"?>
<collection xmlns="http://www.loc.gov/MARC21/slim">
 <record>
  <leader>02985nam a22002537a 4500</leader>
  <controlfield tag="001">NCT_26609</controlfield>
  <controlfield tag="008">180222b        xxu||||| |||| 00| 0 vie d</controlfield>
  <datafield tag="999" ind1=" " ind2=" ">
   <subfield code="c">1275</subfield>
   <subfield code="d">1275</subfield>
  </datafield>
  <datafield tag="020" ind1=" " ind2=" ">
   <subfield code="c">85000</subfield>
  </datafield>
  <datafield tag="082" ind1="0" ind2="4">
   <subfield code="2">23rd ed.</subfield>
   <subfield code="a">620.11</subfield>
   <subfield code="b">D105</subfield>
  </datafield>
  <datafield tag="100" ind1="1" ind2=" ">
   <subfield code="a">Đinh Gia Tường</subfield>
  </datafield>
  <datafield tag="245" ind1="1" ind2="0">
   <subfield code="a">Nguyên lý máy</subfield>
   <subfield code="n">Tập 1</subfield>
   <subfield code="c">Đinh Gia Tường, Tạ Khánh Lâm</subfield>
  </datafield>
  <datafield tag="250" ind1=" " ind2=" ">
   <subfield code="a">Tái bản lần thứ 7</subfield>
  </datafield>
  <datafield tag="260" ind1=" " ind2=" ">
   <subfield code="a">H.</subfield>
   <subfield code="b">Giáo dục Việt Nam</subfield>
   <subfield code="c">2013</subfield>
  </datafield>
  <datafield tag="300" ind1=" " ind2=" ">
   <subfield code="a">347 tr.</subfield>
   <subfield code="b">Minh họa</subfield>
   <subfield code="c">27cm</subfield>
  </datafield>
  <datafield tag="520" ind1="3" ind2=" ">
   <subfield code="a">Tập 1 Nguyên lý máy giới thiệu các nội dung truyền thống của môn học: cấu trúc cơ cấu, cơ cấu phẳng toàn khớp thấp, phân tích động học cơ cấu phẳng toàn khớp thấp - bài tính vận tốc và bài tính gia tốc, phân tích lực cơ cấu phẳng toàn khớp thấp, cân bằng máy, ma sát trong khớp động, chuyển động thực của máy, cơ cấu câm phẳng, cơ cấu bánh răng phẳng, cơ cấu bánh răng không gian, hệ thống bánh răng, cơ cấu truyền động đai, cơ cấu có truyền động đặc biệt. Phương pháp được dùng trong tài liệu này chủ yếu là phương pháp vectơ - giải tích. Phương pháp này một mặt cho phép ứng dụng Tin học trong việc giải các bài tính của môn học, mặt khác cho phép nêu rõ được ý nghĩa vật lý - kỹ thuật của các vấn đề được nghiên cứu. Các chương trình giải một số bài tính này được giới thiệu trong phần Phụ lục trong tập hai và được việt bằng ngôn ngữ Turbo - Pascal. Ngoài ra, trong một số chương của tập sách có hướng dẫn bạn đọc viết một số chương trình đơn giản giải các bài tính của cơ học máy.</subfield>
  </datafield>
  <datafield tag="700" ind1="1" ind2=" ">
   <subfield code="a">Tạ Khánh Lâm</subfield>
  </datafield>
  <datafield tag="942" ind1=" " ind2=" ">
   <subfield code="2">ddc</subfield>
   <subfield code="c">BK</subfield>
  </datafield>
  <datafield tag="952" ind1=" " ind2=" ">
   <subfield code="0">0</subfield>
   <subfield code="1">0</subfield>
   <subfield code="2">ddc</subfield>
   <subfield code="4">0</subfield>
   <subfield code="6">620_110000000000000_D105</subfield>
   <subfield code="7">0</subfield>
   <subfield code="9">6544</subfield>
   <subfield code="a">000001</subfield>
   <subfield code="b">000001</subfield>
   <subfield code="d">2018-02-22</subfield>
   <subfield code="o">620.11 D105</subfield>
   <subfield code="p">MD.10015</subfield>
   <subfield code="r">2018-02-22</subfield>
   <subfield code="v">85000.00</subfield>
   <subfield code="w">2018-02-22</subfield>
   <subfield code="y">BK</subfield>
  </datafield>
  <datafield tag="952" ind1=" " ind2=" ">
   <subfield code="0">0</subfield>
   <subfield code="1">0</subfield>
   <subfield code="2">ddc</subfield>
   <subfield code="4">0</subfield>
   <subfield code="6">620_110000000000000_D105</subfield>
   <subfield code="7">0</subfield>
   <subfield code="9">8469</subfield>
   <subfield code="a">000001</subfield>
   <subfield code="b">000001</subfield>
   <subfield code="d">2018-05-22</subfield>
   <subfield code="o">620.11 D105</subfield>
   <subfield code="p">MD.10012</subfield>
   <subfield code="r">2018-05-22</subfield>
   <subfield code="v">85000.00</subfield>
   <subfield code="w">2018-05-22</subfield>
   <subfield code="y">BK</subfield>
  </datafield>
  <datafield tag="952" ind1=" " ind2=" ">
   <subfield code="0">0</subfield>
   <subfield code="1">0</subfield>
   <subfield code="2">ddc</subfield>
   <subfield code="4">0</subfield>
   <subfield code="6">620_110000000000000_D105</subfield>
   <subfield code="7">0</subfield>
   <subfield code="9">8470</subfield>
   <subfield code="a">000001</subfield>
   <subfield code="b">000001</subfield>
   <subfield code="d">2018-05-22</subfield>
   <subfield code="l">6</subfield>
   <subfield code="o">620.11 D105</subfield>
   <subfield code="p">MD.10013</subfield>
   <subfield code="r">2021-03-30</subfield>
   <subfield code="s">2021-03-24</subfield>
   <subfield code="v">85000.00</subfield>
   <subfield code="w">2018-05-22</subfield>
   <subfield code="y">BK</subfield>
  </datafield>
  <datafield tag="952" ind1=" " ind2=" ">
   <subfield code="0">0</subfield>
   <subfield code="1">0</subfield>
   <subfield code="2">ddc</subfield>
   <subfield code="4">0</subfield>
   <subfield code="6">620_110000000000000_D105</subfield>
   <subfield code="7">0</subfield>
   <subfield code="9">8471</subfield>
   <subfield code="a">000001</subfield>
   <subfield code="b">000001</subfield>
   <subfield code="d">2018-05-22</subfield>
   <subfield code="l">1</subfield>
   <subfield code="m">1</subfield>
   <subfield code="o">620.11 D105</subfield>
   <subfield code="p">MD.10014</subfield>
   <subfield code="r">2020-01-15</subfield>
   <subfield code="s">2019-02-26</subfield>
   <subfield code="v">85000.00</subfield>
   <subfield code="w">2018-05-22</subfield>
   <subfield code="y">BK</subfield>
  </datafield>
  <datafield tag="952" ind1=" " ind2=" ">
   <subfield code="0">0</subfield>
   <subfield code="1">0</subfield>
   <subfield code="2">ddc</subfield>
   <subfield code="4">0</subfield>
   <subfield code="6">620_110000000000000_D105</subfield>
   <subfield code="7">0</subfield>
   <subfield code="9">8472</subfield>
   <subfield code="a">000001</subfield>
   <subfield code="b">000001</subfield>
   <subfield code="d">2018-05-22</subfield>
   <subfield code="l">4</subfield>
   <subfield code="o">620.11 D105</subfield>
   <subfield code="p">MD.10016</subfield>
   <subfield code="r">2021-01-27</subfield>
   <subfield code="s">2021-01-19</subfield>
   <subfield code="v">85000.00</subfield>
   <subfield code="w">2018-05-22</subfield>
   <subfield code="y">BK</subfield>
  </datafield>
  <datafield tag="980" ind1=" " ind2=" ">
   <subfield code="a">Thư viện Trường Đại học Nam Cần Thơ</subfield>
  </datafield>
 </record>
</collection>
